<?xml version="1.0" encoding="UTF-8"?>
<record
    xmlns:xsi="http://www.w3.org/2001/XMLSchema-instance"
    xsi:schemaLocation="http://www.loc.gov/MARC21/slim http://www.loc.gov/standards/marcxml/schema/MARC21slim.xsd"
    xmlns="http://www.loc.gov/MARC21/slim">

  <leader>01087nam a22002657a 4500</leader>
  <controlfield tag="003">BR-ViAPE</controlfield>
  <controlfield tag="005">20260513161642.0</controlfield>
  <controlfield tag="008">260513b        porbco gsb||| 001 0 por d</controlfield>
  <datafield tag="020" ind1=" " ind2=" ">
    <subfield code="q">978-85-98928-07-4</subfield>
  </datafield>
  <datafield tag="040" ind1=" " ind2=" ">
    <subfield code="c">BR-ViAPE</subfield>
  </datafield>
  <datafield tag="245" ind1=" " ind2=" ">
    <subfield code="a">Prov&#xED;ncia do Esp&#xED;rito Santo: </subfield>
    <subfield code="b">sua descoberta, hist&#xF3;ria cronol&#xF3;gica, sinopse e estat&#xED;stica</subfield>
  </datafield>
  <datafield tag="250" ind1=" " ind2=" ">
    <subfield code="a">2.ed.</subfield>
  </datafield>
  <datafield tag="260" ind1=" " ind2=" ">
    <subfield code="a">Vit&#xF3;ria</subfield>
    <subfield code="b">Arquivo P&#xFA;blico do Estado do Esp&#xED;rito Santo</subfield>
    <subfield code="c">2010</subfield>
  </datafield>
  <datafield tag="300" ind1=" " ind2=" ">
    <subfield code="a">684 p.</subfield>
    <subfield code="b">il.</subfield>
    <subfield code="c">20cm x 24cm</subfield>
  </datafield>
  <datafield tag="300" ind1=" " ind2=" ">
    <subfield code="b">Livro dispon&#xED;vel em PDF</subfield>
  </datafield>
  <datafield tag="490" ind1=" " ind2=" ">
    <subfield code="a">Cole&#xE7;&#xE3;o Cana&#xE3;</subfield>
    <subfield code="v">v.12</subfield>
  </datafield>
  <datafield tag="500" ind1=" " ind2=" ">
    <subfield code="a">Obra disponibilizada em PDF por integrar a Cole&#xE7;&#xE3;o Cana&#xE3; do APEES.</subfield>
  </datafield>
  <datafield tag="650" ind1=" " ind2=" ">
    <subfield code="a">Hist&#xF3;ria</subfield>
    <subfield code="x">Prov&#xED;ncia</subfield>
    <subfield code="z">Esp&#xED;rito Santo (Brasil)</subfield>
  </datafield>
  <datafield tag="651" ind1=" " ind2=" ">
    <subfield code="a">Esp&#xED;rito Santo (Brasil)</subfield>
  </datafield>
  <datafield tag="700" ind1=" " ind2=" ">
    <subfield code="a">Daemon, Bas&#xED;lio</subfield>
    <subfield code="d">1834 - 1893</subfield>
    <subfield code="e">autor</subfield>
  </datafield>
  <datafield tag="700" ind1=" " ind2=" ">
    <subfield code="a">Santos Neves, Maria Clara Medeiros</subfield>
    <subfield code="e">coordenadora</subfield>
    <subfield code="e">transcritora</subfield>
  </datafield>
  <datafield tag="710" ind1=" " ind2=" ">
    <subfield code="a">Arquivo P&#xFA;blico do Estado do Esp&#xED;rito Santo</subfield>
  </datafield>
  <datafield tag="856" ind1=" " ind2=" ">
    <subfield code="u">https://ape.es.gov.br/Media/ape/PDF/Livros/Provincia_do_espirito_santo.pdf</subfield>
    <subfield code="y">CLIQUE AQUI PARA ACESSAR O DOCUMENTO</subfield>
  </datafield>
  <datafield tag="942" ind1=" " ind2=" ">
    <subfield code="2">ddc</subfield>
    <subfield code="c">BK</subfield>
    <subfield code="n">1</subfield>
  </datafield>
  <datafield tag="999" ind1=" " ind2=" ">
    <subfield code="c">657</subfield>
    <subfield code="d">657</subfield>
  </datafield>
  <datafield tag="952" ind1=" " ind2=" ">
    <subfield code="0">0</subfield>
    <subfield code="2">ddc</subfield>
    <subfield code="4">0</subfield>
    <subfield code="7">0</subfield>
    <subfield code="a">BIB.APEES</subfield>
    <subfield code="b">BIB.APEES</subfield>
    <subfield code="d">2026-05-13</subfield>
    <subfield code="l">0</subfield>
    <subfield code="r">2026-05-13 16:16:50</subfield>
    <subfield code="w">2026-05-13</subfield>
    <subfield code="y">BK</subfield>
  </datafield>
</record>
